000 00316nam a2200133 a 4500
005 20140412111325.0
008 110129s19uu xx 00 eng d
050 _aER
_bDo655 19--
245 _aDolly Alphabet.
260 _aDelhi PH :
_bArora book,
_c19--
300 _aunp.
650 _aAlphabet
999 _c104595
_d104595